Loterie a jiné podobné hry /
Uložené v:
| Hlavní autori: | , |
|---|---|
| Médium: | Kniha |
| Jazyk: | Czech |
| Vydané: |
Praha ; OPava :
Lors-Optys,
1992.
|
| Vydanie: | 1. vyd. |
| Edícia: | Právo a praxe
sv. 4 |
| Témy: | |
| ISBN: |
808524604X (brož.) |
| Fyzický popis: |
94 s. |
| Tagy: |
Pridať tag
Žiadne tagy, Buďte prvý kto otaguje tento záznam!
|
Titul je dostupný aj v ... 

MARC
| LEADER | 00000nam a2200000 a 4500 | ||
|---|---|---|---|
| 001 | 000072339 | ||
| 003 | SVKK | ||
| 005 | 20110912094746.0 | ||
| 008 | 990518s1992 xr e f 000 0 cze d | ||
| 020 | |a 808524604X (brož.) | ||
| 040 | |a SVKKK |b slo |c SVKKK |e AACR2 | ||
| 041 | 0 | |a cze | |
| 044 | |a xr |c CSCZ | ||
| 080 | |a 336.789(035) |2 1997 | ||
| 100 | 1 | |a Sobotová, Marta | |
| 245 | 1 | 0 | |a Loterie a jiné podobné hry / |c Marta Sobotová, Jan Javůrek. |
| 250 | |a 1. vyd. | ||
| 260 | |a Praha ; |a OPava : |b Lors-Optys, |c 1992. | ||
| 300 | |a 94 s. | ||
| 490 | 1 | |a Právo a praxe |v sv. 4 | |
| 653 | 0 | |a lotérie |2 SVKKKPH | |
| 653 | 0 | |a príručky |2 SVKKKPH | |
| 655 | 7 | |a príručky |2 SVKKKPH | |
| 700 | 1 | |a Javůrek, Jan |4 aut | |
| 830 | 0 | |a Právo a praxe |v sv. 4 | |
| 910 | |a svkkk | ||
| 919 | |a 80-85246-04-X | ||
| 974 | |a MI |d 19990518 | ||
| 974 | |a PA |d 19990518 | ||
| 974 | |a PA |d 20010430 | ||
| 998 | |a BK | ||
| 090 | |g SCKHL |k Sklad Pribinova 2. posch. |a III.164042 |j 873343 |i 2720249672 |s Absenčne | ||